000 00285nam a22001337a 4500
008 170609b xxu||||| |||| 00| 0 eng d
020 _a067125486
041 _aeng
080 _a32
100 _a19
101 _aSHP
245 _aGOVERNING AMERICA
_cCALIFANO, J.A
942 _2udc
_cBK
999 _c16729
_d16729